FUERZA DE TRABAJO Y MOVIMIENTOS LABORALES EN AMERICA LATINA/

INCLUYE BIBLIOGRAFIA

Na minha lista:
Detalhes bibliográficos
Outros Autores: Kaztman, Rubén (compilación) (compilación)
Formato: Livro
Assuntos:
Tags: Adicionar Tag
Sem tags, seja o primeiro a adicionar uma tag!

MARC

LEADER 00000nam^a2200000^a^4500
001 000224127
005 20250521000000.0
009 20260310104041.025
035 |a 042925 
037 |a Acervo Xavier Clavigero 
082 |a 331. 1098  |b FUE 
245 1 0 |a FUERZA DE TRABAJO Y MOVIMIENTOS LABORALES EN AMERICA LATINA/  |c COMP. RUBEN KAZTMAN 
264 |a MEXICO :  |b EL COLEGIO DE MEXICO,  |c 1979 
300 |a 337p. 
336 |a texto  |b txt  |2 rdacontenido 
337 |a sin mediación  |b n  |2 rdamedio 
338 |a volumen  |b nc  |2 rdasoporte 
520 |a INCLUYE BIBLIOGRAFIA 
649 |a XX 
650 |a TRABAJO Y TRABAJADORES -  |x HISPANOAMERICA 
700 |a Kaztman, Rubén  |e (compilación) 
910 |a Fondo General 
920 |a Impresos - Libros 
930 |a Colección General 
905 |a 101 
901 |a 042925  |b IT1  |c ACC  |i 042925  |u 20250521 
902 |a https://opac.biblio.iteso.mx/vufind/Record/000224127